INTRODUCTION TO CYTOGENETICS (Record no. 9974)

MARC details
000 -LEADER
fixed length control field 00456nam a22001697a 4500
003 - CONTROL NUMBER IDENTIFIER
control field SGT
020 ## - INTERNATIONAL STANDARD BOOK NUMBER
International Standard Book Number 9789327235852
082 ## - DEWEY DECIMAL CLASSIFICATION NUMBER
Classification number 631.53,PRA
100 ## - MAIN ENTRY--PERSONAL NAME
Personal name PRASAD,GANESH
245 ## - TITLE STATEMENT
Title INTRODUCTION TO CYTOGENETICS
250 ## - EDITION STATEMENT
Edition statement 1ST
260 ## - PUBLICATION, DISTRIBUTION, ETC. (IMPRINT)
Place of publication, distribution, etc NEW DELHI
Name of publisher, distributor, etc KALYANI PUBLISHERS
Year of Publication 2013
300 ## - PAGE DESCRIPTION
No. of Pages 512
650 ## - SUBJECT ADDED ENTRY--TOPICAL TERM
Topical term or geographic name as entry element CYTOGENETICS
653 ## - KEYWORDS--INDEX TERM
Keyword term CELL ULTRA STRUCTURE,MACRO MOLECULES, SYNTHESIS OF PROTEIN , CHROMOSOME, CELL DIVISION,
942 ## - ADDED ENTRY ELEMENTS (KOHA)
Source of classification or shelving scheme Dewey Decimal Classification
Koha item type Books
942 ## - ADDED ENTRY ELEMENTS (KOHA)
-- 2
Holdings
Withdrawn status Lost status Source of classification or shelving scheme Damaged status Not for loan Home library Current library Shelving location Date acquired Vendor Name Cost, normal purchase price SGTU Bill Number Total Checkouts Full call number Accession No. (Barcode) Date last seen Bill Date Koha item type Date last borrowed
    Dewey Decimal Classification     SGT Science & Social Sciences Library SGT Science & Social Sciences Library Text Book 29/09/2016 AHUJA BOOKS 350.00 SGTU 7116   631.53,PRA AG2076 29/09/2016 01/08/2016 Books  
    Dewey Decimal Classification     SGT Science & Social Sciences Library SGT Science & Social Sciences Library Text Book 29/09/2016 AHUJA BOOKS 350.00 SGTU 7116   631.53,PRA AG2077 29/09/2016 01/08/2016 Books  
    Dewey Decimal Classification     SGT Science & Social Sciences Library SGT Science & Social Sciences Library Text Book 29/09/2016 AHUJA BOOKS 350.00 SGTU 7116   631.53,PRA AG2078 29/09/2016 01/08/2016 Books  
    Dewey Decimal Classification     SGT Science & Social Sciences Library SGT Science & Social Sciences Library Text Book 29/09/2016 AHUJA BOOKS 350.00 SGTU 7116 1 631.53,PRA AG2079 13/12/2023 01/08/2016 Books 16/10/2023
    Dewey Decimal Classification     SGT Science & Social Sciences Library SGT Science & Social Sciences Library Text Book 29/09/2016 AHUJA BOOKS 350.00 SGTU 7116   631.53,PRA AG2080 29/09/2016 01/08/2016 Books  
    Dewey Decimal Classification     SGT Science & Social Sciences Library SGT Science & Social Sciences Library Text Book 29/09/2016 AHUJA BOOKS 350.00 SGTU 7116   631.53,PRA AG2081 29/09/2016 01/08/2016 Books  
    Dewey Decimal Classification     SGT Science & Social Sciences Library SGT Science & Social Sciences Library Text Book 29/09/2016 AHUJA BOOKS 350.00 SGTU 7116 1 631.53,PRA AG2082 30/09/2024 01/08/2016 Books 16/09/2024
    Dewey Decimal Classification     SGT Science & Social Sciences Library SGT Science & Social Sciences Library Text Book 29/09/2016 AHUJA BOOKS 350.00 SGTU 7116   631.53,PRA AG2083 29/09/2016 01/08/2016 Books  
    Dewey Decimal Classification     SGT Science & Social Sciences Library SGT Science & Social Sciences Library Text Book 29/09/2016 AHUJA BOOKS 350.00 SGTU 7116   631.53,PRA AG2084 29/09/2016 01/08/2016 Books  
    Dewey Decimal Classification   Not For Loan SGT Science & Social Sciences Library SGT Science & Social Sciences Library Reference Book 29/09/2016 AHUJA BOOKS 350.00 SGTU 7116   631.53,PRA AG2085 29/09/2016 01/08/2016 Books